| 000 | 00630nam a22001697a 4500 | ||
|---|---|---|---|
| 008 | 140829b xxu||||| |||| 00| 0 eng d | ||
| 020 | _a2865890562 | ||
| 082 |
_a735.23 _bK91p |
||
| 100 |
_aKrauss, Roselind _91431 |
||
| 245 |
_aPassages _bUne historie de la sculpture de Rodin á Smithson _cRosalind Krauss |
||
| 260 |
_aParís _bEditions Macula _c1997 |
||
| 300 |
_a310 p _bill. col _c23 cm |
||
| 505 | _tPassages Une historie de la sculpture de Rodin á Smithson,Rosalind Krauss. Geralidades. Monografias. | ||
| 650 |
_aEscultura moderna _xSiglo XX _91432 |
||
| 655 |
_aHistoria del arte _91417 |
||
| 700 |
_aRosalind Krauss _91433 |
||
| 999 |
_c306 _d306 |
||